| 000 | 00502nam a2200169Ia 4500 | ||
|---|---|---|---|
| 999 |
_c445 _d445 |
||
| 003 | OSt | ||
| 005 | 20211118101729.0 | ||
| 008 | 190216s9999||||xx |||||||||||||| ||und|| | ||
| 040 | _coclc | ||
| 082 |
_a297.122594812 _bMUS/S |
||
| 100 |
_aMusaliyar, P K Kunhibava _98913 |
||
| 245 | 0 |
_aSoorath Yaseen / _cP K Kunhibava Musaliyar |
|
| 260 |
_bAmina Book Stall, _c1990. _aThrissur: |
||
| 300 | _a99p | ||
| 650 | _aArabic | ||
| 942 |
_cBK _2ddc _h297.122594812 _iMUS/S _k297.122594812 _mMUS/S |
||